000 00729nam a2200229Ia 4500
003 GCL
008 140319s9999 xx 000 0 ara d
040 _aGCL /
_cGCL
082 0 4 _a811.5
_bن ا
100 1 _aالنعمان القاضى
245 1 0 _aابوفراس الهمدانى : الموقف والتشكيل الجمالى /
_cالنعمان القاضى
300 _a587
490 _aكتاب
_v0
650 0 4 _aالشعر العربى
650 0 4 _aالادب العربى
650 0 4 _aالشعراء العرب
650 0 4 _aالدولة العباسية الثانية
650 0 4 _aابوفراس الهمذانى
650 0 4 _aتاريخ ونقد
650 0 4 _aتاريخ النقد
942 _2ddc
_cBK
999 _c41471
_d41471